|
|
|
|
| LEADER |
01468nam a22003974a 4500 |
| 001 |
EBC491341 |
| 003 |
MiAaPQ |
| 005 |
20200520144314.0 |
| 006 |
m o d | |
| 007 |
cr cn||||||||| |
| 008 |
030721s2004 ctu sb 001 0 eng |
| 010 |
|
|
|z 2003058153
|
| 020 |
|
|
|z 1567204791 (alk. paper)
|
| 035 |
|
|
|a (MiAaPQ)EBC491341
|
| 035 |
|
|
|a (Au-PeEL)EBL491341
|
| 035 |
|
|
|a (CaPaEBR)ebr10362716
|
| 035 |
|
|
|a (CaONFJC)MIL241948
|
| 035 |
|
|
|a (OCoLC)65429754
|
| 040 |
|
|
|a MiAaPQ
|c MiAaPQ
|d MiAaPQ
|
| 043 |
|
|
|a n-cn-qu
|
| 050 |
|
4 |
|a HB615
|b .C284 2004
|
| 082 |
0 |
4 |
|a 338/.04/09714
|2 22
|
| 100 |
1 |
|
|a Capps, Randall.
|
| 245 |
1 |
0 |
|a Entrepreneurship and innovation in Quebec
|h [electronic resource] :
|b how the province became a world-class player /
|c Randall Capps and Paul Clermont.
|
| 260 |
|
|
|a Westport, Conn. :
|b Praeger,
|c 2004.
|
| 300 |
|
|
|a viii, 163 p.
|
| 504 |
|
|
|a Includes bibliographical references and index.
|
| 533 |
|
|
|a Electronic reproduction. Ann Arbor, MI : ProQuest, 2015. Available via World Wide Web. Access may be limited to ProQuest affiliated libraries.
|
| 650 |
|
0 |
|a Entrepreneurship.
|
| 650 |
|
0 |
|a Industrial management
|x Mathematical models.
|
| 650 |
|
0 |
|a Organizational change.
|
| 650 |
|
0 |
|a Entrepreneurship
|z Quebec (Province)
|
| 655 |
|
4 |
|a Electronic books.
|
| 700 |
1 |
|
|a Clermont, Paul.
|
| 710 |
2 |
|
|a ProQuest (Firm)
|
| 856 |
4 |
0 |
|u https://ebookcentral.proquest.com/lib/matrademy/detail.action?docID=491341
|z Click to View
|